000 00545nam a22001817a 4500
005 20251108164232.0
008 250721s1991 xx 000 0 ara d
082 1 4 _a790.135/تها
100 1 _aمحمد، تهاني عبد السلام
245 1 0 _aدراسات في الترويح :
_bمراكز الشباب /
264 1 _aالقاهره :
_bدار المعارف،
_c1991.
300 _a278ص
650 1 7 _aالترفيه
650 1 7 _aالفراغ
700 1 _aطه، طه عبد الرحيم
942 _2ddc
_cBK
999 _c7096
_d7096